| 000 | 00519nam a2200229 a 4500 | ||
|---|---|---|---|
| 001 | nice12345678 | ||
| 003 | IN_TiNIC | ||
| 005 | 20260116011952.0 | ||
| 008 | 080516s1835 iraa grp 000 0 per | ||
| 020 |
_a _c50 |
||
| 082 | 0 | 0 |
_a239 _bPFA5 |
| 100 | _aPfander, C G | ||
| 245 | _aMizan-Ul-haqq | ||
| 260 |
_aIran _bSchvchi Fort _c1835 |
||
| 300 | _a272p | ||
| 500 | _aincludes index and biblioraphy | ||
| 650 | _aApologetics | ||
| 700 | 1 | _aPfander, C G | |
| 902 | _bSRS | ||
| 942 | _cBK | ||
| 999 |
_c5108 _d5108 |
||